Ảnh hưởng của phân đoạn dịch chiết lá bằng lăng nước (Lagerstroemia speciosa (L.) Pers.) lên hoạt tính enzym fructose 1,6 biphosphatase và hàm lượng glycogen của gan chuột thực nghiệm /
Enregistré dans:
| Auteur principal: | |
|---|---|
| Autres auteurs: | , , , |
| Format: | Article |
| Langue: | Vietnamese |
| Sujets: | |
| Tags: |
Ajouter un tag
Pas de tags, Soyez le premier à ajouter un tag!
|
| Thư viện lưu trữ: | Thư viện Trường Đại học Đà Lạt |
|---|
| LEADER | 01198nam a2200325 4500 | ||
|---|---|---|---|
| 001 | DLU100110985 | ||
| 005 | ##20100825 | ||
| 040 | # | # | |a DLU |b vie |
| 041 | # | # | |a vie |
| 044 | # | # | |a vn |
| 100 | # | # | |a Phùng Thanh Hương. |
| 245 | # | # | |a Ảnh hưởng của phân đoạn dịch chiết lá bằng lăng nước (Lagerstroemia speciosa (L.) Pers.) lên hoạt tính enzym fructose 1,6 biphosphatase và hàm lượng glycogen của gan chuột thực nghiệm / |c Phùng Thanh Hương, Phạm Quang Hiệp, Trần Thanh Hòa, Nguyễn Xuân Thắng, Đỗ Ngọc Liên. |
| 653 | # | # | |a Chiết xuất |
| 653 | # | # | |a Dược lí học |
| 653 | # | # | |a Qui trình sản xuất |
| 653 | # | # | |a Thí nghiệm |
| 700 | # | # | |a Đỗ Ngọc Liên. |
| 700 | # | # | |a Nguyễn Xuân Thắng. |
| 700 | # | # | |a Phạm Quang Hiệp. |
| 700 | # | # | |a Trần Thanh Hòa. |
| 773 | # | # | |t Tạp chí Dược học |g Số10(390), 2008, tr. 27-30 |
| 920 | # | # | |a Phòng Tạp chí -- Trung tâm Thông tin - Thư viện Trường Đại học Đà Lạt |
| 994 | # | # | |a DLU |
| 900 | # | # | |a True |
| 911 | # | # | |a Nguyễn Thị Linh Chi |
| 925 | # | # | |a G |
| 926 | # | # | |a A |
| 927 | # | # | |a BB |
| 980 | # | # | |a Thư viện Trường Đại học Đà Lạt |